RELAXATION TECHNIQUE (Record no. 12037)
[ view plain ]
| 000 -LEADER | |
|---|---|
| fixed length control field | 00278nam a22001337a 4500 |
| 003 - CONTROL NUMBER IDENTIFIER | |
| control field | SGT |
| 082 ## - DEWEY DECIMAL CLASSIFICATION NUMBER | |
| Classification number | 370 |
| Item number | R16S |
| 100 ## - MAIN ENTRY--PERSONAL NAME | |
| Personal name | SINGH, VEDPAL |
| 245 ## - TITLE STATEMENT | |
| Title | RELAXATION TECHNIQUE |
| 260 ## - PUBLICATION, DISTRIBUTION, ETC. (IMPRINT) | |
| Place of publication, distribution, etc | NEW DELHI |
| Name of publisher, distributor, etc | INDIAN PUB |
| Year of Publication | 2016 |
| 300 ## - PAGE DESCRIPTION | |
| No. of Pages | 232 |
| 650 ## - SUBJECT ADDED ENTRY--TOPICAL TERM | |
| Topical term or geographic name as entry element | EDUCATION |
| 942 ## - ADDED ENTRY ELEMENTS (KOHA) | |
| Source of classification or shelving scheme | Dewey Decimal Classification |
| Koha item type | Books |
| Withdrawn status | Lost status | Source of classification or shelving scheme | Damaged status | Not for loan | Collection code | Home library | Current library | Shelving location | Date acquired | Vendor Name | Cost, normal purchase price | SGTU | Bill Number | Full call number | Accession No. (Barcode) | Date last seen | Bill Date | Koha item type |
|---|---|---|---|---|---|---|---|---|---|---|---|---|---|---|---|---|---|---|
| Dewey Decimal Classification | EDUCATION | SGT Engineering Library | SGT Engineering Library | Text Book | 28/06/2017 | UNIVERSAL PUB | 245.00 | SGTU | 101/102 | 370 R16S | ED1871 | 28/06/2017 | 22/11/2016 | Books | ||||
| Dewey Decimal Classification | EDUCATION | SGT Engineering Library | SGT Engineering Library | Text Book | 28/06/2017 | UNIVERSAL PUB | 245.00 | SGTU | 101/102 | 370 R16S | ED1872 | 28/06/2017 | 22/11/2016 | Books | ||||
| Dewey Decimal Classification | EDUCATION | SGT Engineering Library | SGT Engineering Library | Text Book | 28/06/2017 | UNIVERSAL PUB | 245.00 | SGTU | 101/102 | 370 R16S | ED1873 | 28/06/2017 | 22/11/2016 | Books | ||||
| Dewey Decimal Classification | EDUCATION | SGT Engineering Library | SGT Engineering Library | Text Book | 28/06/2017 | UNIVERSAL PUB | 245.00 | SGTU | 101/102 | 370 R16S | ED1874 | 28/06/2017 | 22/11/2016 | Books | ||||
| Dewey Decimal Classification | EDUCATION | SGT Engineering Library | SGT Engineering Library | Text Book | 28/06/2017 | UNIVERSAL PUB | 245.00 | SGTU | 101/102 | 370 R16S | ED1875 | 28/06/2017 | 22/11/2016 | Books |